Fenomén Jaroslava Blažková

Bibliographic Details
Main Author: Tučná, Eva, 1944- (Author)
Format: Article
Language:Slovak
PhysicalDescription:Res. angl., lit. 23 zázn. v slov.
ISBN:8085183943
Subjects:

MARC

LEADER 00000nab a2200000 a 4500
001 vtls000516323
003 SK-MaSNL
005 20260303003630.0
008 160204c1993 xo 0 slo
015 |a SNBRA19rr/mm-uuuuu 
035 |a CL0516461 
040 |a SNKBUCL  |b slo  |c SNKBUCL  |e AACR2 
041 0 |a slo 
044 |a xo  |c SK 
080 |a 82.09:885.4-3(087.5)  |2 1981 
080 |a 885.4-3(087.5)  |2 1981 
080 |a 885.4-3(087.5).09  |2 1981 
100 1 |a Tučná, Eva,  |d 1944-  |4 aut  |9 104988 
245 1 0 |a Fenomén Jaroslava Blažková  |c Eva Tučná 
300 |b Res. angl., lit. 23 zázn. v slov. 
600 1 7 |a Blažková, Jaroslava,  |d 1933-2017  |2 snkbucl  |9 94254 
655 7 |a články zo zborníkov  |2 snkbucl  |9 166140 
655 7 |a články z odboru literárna veda a krásna literatúra  |2 snkbucl  |9 770045 
773 0 |t Zborník k 11. medzinárodnému zjazdu slavistov  |d Nitra : Vysoká škola pedagogická, 1993  |g S. 168-181  |z 8085183943 
850 |a Slovenská národná knižnica v Martine  |a MTA001 
852 |a SNK  |b KIS3GCP 
958 |a NB 
958 |a RK 
958 |a LX 
992 |a RZB 
999 |c 1573613  |d 1575543